| 000 | 00837 a2200253 4500 | ||
|---|---|---|---|
| 003 | OSt | ||
| 005 | 20180116192335.0 | ||
| 008 | 120419t xxu||||| |||| 00| 0 eng d | ||
| 010 | _a95060281 | ||
| 020 | _a0500278466 | ||
| 035 | _a(OCoLC)33252070 | ||
| 040 | _c0 | ||
| 082 | 0 | 0 | _a745.2 |
| 100 | 1 |
_aPapanek, Victor J. _9777 |
|
| 245 | 1 | 4 |
_aThe green imperative : _bnatural design for the real world / _cVictor Papanek. |
| 260 |
_aNew York : _bThames and Hudson, _c1995. |
||
| 300 |
_a256 p. : _bill. (some col.) ; _c24 cm. |
||
| 500 | _aIncludes bibliographical refrences and index | ||
| 650 | 0 |
_aIndustrial design. _9778 |
|
| 650 | 0 |
_aIndustrial design _xEnvironmental aspects. _9779 |
|
| 650 | 0 |
_aHuman engineering. _9780 |
|
| 942 |
_aSADA _cBK _k745.2 PAP 1995 _2ddc |
||
| 999 |
_c352458 _d352458 |
||